| 000 | 01005nam a22002657a 4500 | ||
|---|---|---|---|
| 999 |
_c64576 _d64576 |
||
| 005 | 20240530110738.0 | ||
| 008 | 180904s2008 ua a g b 000 0 ara d | ||
| 017 |
_bمصر. دار الكتب _a2006/10487 |
||
| 020 | _a9771434535 | ||
| 040 |
_aEG-CaGPL _cEG-CaGPL |
||
| 082 | 0 | 4 |
_221 _a219.9 \ _bع م |
| 100 | 0 | _aعاصم احمد عجيلة | |
| 245 | 1 | 2 |
_aالمسلمون وتقليد الاجانب : _bالانبهار بالغرب وتعزيب العرب / _cعاصم احمد عجيلة |
| 250 | _aط.1 | ||
| 260 |
_aالقاهرة : _bنهضة مصر للطباعة والنشر والتوزيع، _c2008 . |
||
| 300 |
_a315 ص. ؛ _c24 سم. |
||
| 650 | 0 | 7 |
_aالاسلام _2qrmak |
| 650 | 0 | 7 |
_aالاسلام والسياسة _2qrmak |
| 650 | 0 | 7 | _aالاسلام والغرب |
| 650 | 0 | 7 |
_aالشريعة الاسلامية _2qrmak |
| 650 | 0 | 7 |
_aالثقافة الاسلامية _2qrmak |
| 651 | _2qrmak | ||
| 942 |
_2ddc _cBK |
||